000 00774nam a2200205 a 4500
003 0
005 20250528103121.0
008 021129s19uu xx 00 eng d
050 _aPGS QH 442
_b.L755 2001
100 _aLingao, Cherylette P.
245 _aThe perceptions of grade six SIS students school year 2000-2001 on the concept of cloning /
_cCherylette P. Lingao.
260 _aLas PiƱas City, Philippines :
_bSouthville International School and Colleges,
_c2001.
300 _a31 pages :
_billustrations ;
_c28 cm.
504 _aIncludes bibliographical references.
650 _aCloning.
650 _aGenetic engineering.
650 _aHuman cloning
_vMoral and ethical aspects.
650 _aScience
_vStudy and teaching (Elementary).
942 _2lcc
_cPASS
999 _c96472
_d96472